Druhé prezidentské obdobie Sebastiána Piňeru bakalárska práca

Salvato in:
Dettagli Bibliografici
Autore principale: Skokanová, Rebeka
Ente Autore: Fakulta medzinárodných vzťahov EU. Katedra medzinárodných ekonomických vzťahov a hospodárskej diplomacie
Altri autori: Baculáková, Kristína, 1988-
Natura: Libro
Lingua:slovacco
Pubblicazione: Bratislava 2021
Tags: Aggiungi Tag
Nessun Tag, puoi essere il primo ad aggiungerne!!

MARC

LEADER 00000nbm a2200000 4500
001 0275442
005 20220222103452.0
041 0 |a slo 
044 |a SK 
245 1 0 |a Druhé prezidentské obdobie Sebastiána Piňeru  |b bakalárska práca  |c Rebeka Skokanová ; školiteľ: Kristína Baculáková 
264 1 |a Bratislava  |c 2021 
300 |a 43 s. 
100 1 |a Skokanová, Rebeka 
700 1 |a Baculáková, Kristína, 1988- 
710 2 |a Fakulta medzinárodných vzťahov EU. Katedra medzinárodných ekonomických vzťahov a hospodárskej diplomacie